000 01022cam a2200325 a 4500
999 _c633
_d633
001 000036351211
003 CaOOAMICUS
005 20210616074652.0
008 090924s2010 onca b 001 0 eng
020 _a9780135004937
020 _a0135004934
035 _a(Sirsi) a2781981
040 _aCaOONL
_beng
_cCaOONL
050 4 _aHF5686.C8
_b.C67 2010
050 4 _aHF5686.C8
_b.H59 2010
090 _a658.1552 COS
090 _a658.1552 C5845 2010
245 0 0 _aCost accounting :
_ba managerial emphasis /
_cCharles T. Horngren ... [and others].
250 _aFifth Canadian edition
260 _aToronto :
_bPearson Canada,
_cc2010.
300 _axxx, 1182, [27] pages :
_bcolor illustrations
336 _atext
_btxt
_2rdacontent
337 _aunmediated
_bn
_2rdamedia
338 _avolume
_bnc
_2rdacarrier
504 _aIncludes bibliographical references and indexes.
650 0 _aCost accounting.
650 0 _aCosts, Industrial.
700 1 _aHorngren, Charles T.,
_d1926-2011
942 _2lcc
_cBK
_nDO